000 01047nas a2200325 4500
001 BR2019001644
003 BR-BrBNA
005 20231205131941.0
007 ta
008 230509b bl.|||p| |||| 00| 00por d
040 _aBR-BrBNA
_bpor
_cBiblioteca Nacional de Agricultura
041 _a(En)
072 _aH50
100 1 _aAlmeida, J.P.N.
100 1 _aPaiva, E.P. de
100 1 _aTorres, S.B.
100 1 _aSá, F.V. da S.
100 1 _aLeite, M. de S.
245 1 _aGermination and biochemical changes in West Indian gherkin seeds under water stress at different temperatures
650 _aMAXIXE
650 _aGERMINAÇÃO
650 _aDEFICIÊNCIA HÍDRICA
650 _aBIOQUÍMICA
650 _aCONDIÇÃO AMBIENTAL
650 _aCRESCIMENTO
773 0 _tRevista Ciência Agronômica (Brazil)
_xISSN 1806-6690
_g(Jul-Sep 2019), v. 50(3) p. 411-419
_wBR2019001644
856 4 0 _uhttp://www.scielo.br/pdf/rca/v50n3/1806-6690-rca-50-03-0411.pdf
909 _a202311
_bLúcia
_c55
_dLúcia Elande
942 _2AGRIS
_n0
_cANA
999 _c257650
_d257650